000 00278nam a2200145Ia 4500
100 _aParker
942 _cBK
654 _aData
245 _aMaterials Data Book
260 _bMcGraw Hill
_c2001
082 _a621.1
_bPAR
300 _a398
546 _aENGLISH
999 _c26871
_d26871